00498caa a22002052a 4500001000900000003001100009008004700020092001500067100002000082245007500102245002500177300001000202440000600212440000700218260001400225650001500239650001400254942000900268999001500277 000627 AR-FADEU 311216n############xxu####################dd aPP(370)NOV aBertoni, Alicia bLa evaluación : enfoque para el mejoramiento de la calidad educativa aNovedades educativas a10-13 v8 n63 cmar. 1996 aEVALUACION aEDUCACION cPPGR c3405d3405